Doing business in Asia : Hong Kong.
| Format: | Book |
|---|---|
| Published: |
Singapore:
CCH Asia,
2004.
|
| Subjects: |
| LEADER | 00500cam a2200157 7i4500 | ||
|---|---|---|---|
| 001 | 0000014956 | ||
| 005 | 20050114090000.0 | ||
| 090 | 0 | 0 | |a H.K 338.7 |b DOI |
| 245 | 0 | 0 | |a Doing business in Asia : |b Hong Kong. |
| 260 | 0 | 0 | |a Singapore: |b CCH Asia, |c 2004. |
| 300 | # | # | |a [v.p]. |
| 650 | 0 | 0 | |a Business -- |z Hong Kong |
| 650 | 0 | 0 | |a Doing business -- |z Hong Kong |
| 651 | 0 | 0 | |a Hong Kong |
| 999 | |a PNG000151B |b Book |c Countries |e MATRADE Northern Regional Office | ||
| 999 | |a B000016784 |b Book |c Countries |e Business Information Centre | ||